Impossible Countries to Type First on the Countries of the World Quiz - Statistics

General Stats
  • This quiz has been taken 3,183 times
  • The average score is 3 of 5
Answer Stats
Answer % Correct
Nigeria
72%
Dominican Republic
70%
Ukraine
65%
Guinea-Bissau
57%
Republic of the Congo
55%
No matching quizzes found
Score Distribution
Percent of People with Each Score
Percentile by Number Answered
Your Score History
You have not taken this quiz